000
00296nam a2200145Ia 4500
100
_a
Webster/Merriam
650
_a
General
942
_c
RB
654
_a
Dictonary
245
_a
Dictonary
260
_b
Merriam Webster Pub.
_a
USA
_c
1987
082
_a
423
300
_a
1564
546
_a
ENGLISH
999
_c
29603
_d
29603